| 000 | 01712nam a2200325 i 4500 | ||
|---|---|---|---|
| 001 | 768714001 | ||
| 003 | CO-MdFUSB | ||
| 005 | 20260318085944.0 | ||
| 007 | ta | ||
| 008 | 241008t2012 -us||||| d||| 00| 0 spa d | ||
| 020 | _a978-1-60731-292-5 | ||
| 040 |
_bspa. _aCO-MdFUSB _cCO-MdFUSB _dCO-MdFUSBC _erda |
||
| 041 | _aspa | ||
| 082 |
_223 _a220.601 _bH557 |
||
| 100 |
_aHernando, James D. _eautor |
||
| 245 | 1 |
_aDiccionario de hermenéutica : _buna guía concisa de términos, nombres, métodos y expresiones _c/ James D. Hernando |
|
| 264 | 1 |
_aSpringfield, Missouri : _bGospel Publishing House _c[2012] |
|
| 264 | 4 | _c©2012 | |
| 300 |
_a214 páginas _c; 22 cm |
||
| 336 |
_2rdacontent _atexto _btxt |
||
| 337 |
_2rdamedia _asin mediación _bn |
||
| 338 |
_2rdacarrier _avolumen _bnc |
||
| 500 | _aIncluye índice de términos, bibliografía selecta, términos adicionales, abreviaturas | ||
| 505 | _aEscuelas Históricas / Períodos de Interpretación. -- Figuras Destacadas en la Hermenéutica. -- Enfoques y Métodos de Interpretación. -- Tipos de crítica bíblica. -- Métodos, movimientos, y enfoques. -- Géneros Literarios. -- Mecanismos Literarios. -- Paralelismo. -- Mecanismos literarios y retóricos. -- Figuras retóricas. -- Términos Relacionados de otras Disciplinas. -- Estudios bíblicos: Introducción y trasfondo. -- Teología Bíblica (AT y NT). -- Teología histórica y sistemática. -- Términos y expresiones populares. | ||
| 563 | _aRústico | ||
| 650 | 7 |
_aEnciclopedias y diccionarios _9423 |
|
| 653 | _aHermenéutica bíblica — Diccionarios Biblia — Interpretación — Terminología Teología — Diccionarios | ||
| 942 | _cBK | ||
| 945 | _aCatherine Arias Alvarez | ||
| 999 |
_c71058 _d71058 |
||